|
|
|
|
| LEADER |
00000nab a2200000 a 4500 |
| 001 |
vtls010600760 |
| 003 |
SK-MaSNL |
| 005 |
20260303084950.0 |
| 008 |
140603|2014 xo w| 000 0|hun |
| 015 |
|
|
|a SNBRB2014/05
|
| 038 |
|
|
|a DSZK
|
| 040 |
|
|
|a DSZK
|b slo
|c DSZK
|e AACR2
|
| 041 |
|
|
|a slo
|
| 044 |
|
|
|a xo
|c SK
|
| 080 |
|
|
|a 821.162.4-92
|2 2001
|
| 100 |
1 |
|
|a Banič, Ľubo,
|d 1960-
|4 aut
|9 1087389
|
| 245 |
1 |
0 |
|a Spasenie či sprasenie? Ťažká otázka-
|c Ľubo Banič
|
| 300 |
|
|
|b Fotogr.
|
| 650 |
0 |
7 |
|a glosy
|2 dszk
|9 435930
|
| 773 |
0 |
|
|t Csallóköz=Žitný ostrov
|g Roč. 54, č. 21 (2014), s. 13
|x 1336-3638
|
| 852 |
|
|
|a DSZK
|b KIS3GCP
|
| 856 |
|
|
|a http://www.csallokoz.sk
|
| 958 |
|
|
|a SK
|
| 958 |
|
|
|a LX
|
| 999 |
|
|
|c 1797421
|d 1799351
|